00849 a2200157 4500003000500000005001700005040000900022082001500031100002300046245007600069505037000145650002100515942001200536999001900548952012400567Nust20230126133534.0 cNust a910.41,GRE aGreen Horn9107788 aBeing an Account of a journey round the World for a wager /cGreen Horn aThe Aftermath of War (Page-1), Arrival in New York (Page-22), South to the Oilfields (Page-51), Canada (Page-78), Before the Mast (Page-109), End of My First Voyage (Page-130), The South Sea Island (Page-155), Down and the Very Nearly Out (Page-193), New Guinea (Page-222), Working a Passage to South Africa (Page-251), The Return to Australia (Page-274).  a journey9107789 2ddccBK c186386d186386 00102ddc4070aMCSbMCScGENd2016-12-12o910.41,GREpMCS29036r2016-12-08w2016-12-12yBKzAlmirah No.58, Shelf No.6